Solve the Secret U.S. State #2 - Statistics

General Stats
  • This quiz has been taken 2,269 times
  • The average score is 14 of 21
Answer Stats
(Fake) Scramble State % Correct
AESTX AIOW Iowa
100%
AAAKLS AESTX Texas
99%
AADIINN AAAKLS Alaska
97%
AEGGIOR O AADIINN Indiana
93%
GIMNOWY S AAAABLM Alabama
92%
AAAABLM I AEGGIOR Georgia
92%
AADLMNRY GIMNOWY Wyoming
89%
AGIHNNOSTW CEE IMNOWX New Mexico
80%
CCCEINNOTTU AGHINNOSTW Washington
77%
ADDEH ILNORS I CCCEINNOTTU Connecticut
73%
ACDLOOOR AADLMNRY Maryland
72%
AACFIILNOR N ACDLOOOR Colorado
71%
CEE IMNOWX AACFIILNOR California
66%
AEGI IINRSTVW N ADDEH ILNORS Rhode Island
51%
AACHI LNNOORRT W AEGI IINRSTVW West Virginia
48%
AADHK OOSTTU S AACHI LNNOORRT North Carolina
41%
AACHI LNOORSTU AADHK OOSTTU South Dakota
40%
AEE HHIMNRPSW AACEHMSSSSTTU Massachusetts
33%
AACEHMSSSSTTU AACHI LNOORSTU South Carolina
33%
CIINNOSSW WISCONSIN
33%
C AEE HHIMNRPSW New Hampshire
32%
No matching quizzes found
Score Distribution
Percent of People with Each Score
Percentile by Number Answered
Your Score History
You have not taken this quiz